1238 1357 1858 1929 2000 1557 1291 1760 1610 1721 1662 1815 1807 1850 1751 1265 1879 1563 1317 1964 1038 1291 1652 1287 1523 1769 1956 1050 1356 1654 1960 1096 1542 1575 1151 1175 1059 1518 1517 1973 1815 1225 1324 1532 1175 1788 1105 1974 1544 1505 1087 1885 1147 1859 1209 1706 1571 1794 1205 1575 1512 1516 1247 1264 1038 1487 1450 1273 1775 1262 1963 1007 1899 1428 1126 1485 1366 1255 1490 1405 1288 1655 1263 1336 1059 1021 1567 1555 1829 1570 1987 1594 1055 1966 1368 1073 1262 1395 1656 BCNSPRNW ULIB Ver.6.0+V

เปลี่ยนเป็นภาษาไทย

Change to English
 แสดงรายละเอียดบรรณานุกรม
  กลับหน้าหลัก

Brief Record : Get Marc (ISO 2709) : E-mail record : QR code < ปิดหน้าต่าง
LEADER : 00000nam 2200000uu 4500
001    13399107695
003     ULIB
008    110124s2552||||th 000 0 tha d
020    9789743776069
040    bra
060  4 WB205^bว578ท 2552
245 00 ทักษะการตรวจร่างกายทางอายุรศาสตร์ /^c[บรรณาธิการ วิทยาศรีดามา]
250    พิมพ์ครั้งที่ 2
260    กรุงเทพฯ :^bราชวิทยาลัยอายุรแพทย์แห่งประเทศไทย,^c2552
300    296, [10] หน้า :^bภาพประกอบ ;^c28 ซม.
440  0 โครงการตำราราชวิทยาลัยอายุรแพทย์ฯ ;^vฉบับที่ 3
500    บรรณานุกรม และดัชนี
650  7 การตรวจร่างกาย
650  7 ผู้ป่วย^xการตรวจร่างกาย
650  7  อายุรศาสตร์
700 0  วิทยา ศรีดามา,^eบรรณาธิการ
710 2  ราชวิทยาลัยอายุรแพทย์แห่งประเทศไทย,
945    ^p350^l0^i029415
945    ^p350^l0^i029413
945    ^p350^l0^i029412
945    ^p350^l0^i029411
945    ^p350^l0^i029410
945    ^p350^l0^i029414
945    ^p350^l0^i029409
995    เกษร
999 ^a ใช้งานได้ทุกระบบ
รายการนี้ยังไม่มีแท็ก
คุณยังไม่ได้ล็อกอิน คุณสามารถมีกิจกรรมร่วมกับเว็บไซต์ได้ แต่ต้องล็อกอินก่อน ::
  ล็อกอิน

รายการสื่อสารสนเทศ

ลำดับที่ ประเภท เลขเรียก/บาร์โค้ด สถานที่ สถานะ
- ไม่พบข้อมูล -

รายการใกล้เคียง
    หัวเรื่อง [การตรวจร่างกาย]
    หัวเรื่อง [อายุรศาสตร์]

BibComment


ยังไม่เคยถูกคอมเมนท์

คอมเมนท์ทรัพยากรรายการนี้
  คอมเมนท์: ทักษะการตรวจร่างก..


 Copyright 2026. Bcnsprnw @Library